000 00585cam a22002053a 4500
001 39938
003 PGUSA
005 20140828083906.0
008 120607s2012||||xxu|||||s|||||000 | eng d
040 _aPGUSA
_beng
042 _adc
100 1 _aFreud, Sigmund,
_d1856-1939
245 1 0 _aDrei Abhandlungen zur Sexualtheorie
_h[electronic resource] /
_cSigmund Freud
260 _bProject Gutenberg,
_c2012
506 _aPublic domain in the USA.
516 _aElectronic text
830 0 _aProject Gutenberg
_v39938
856 4 0 _uhttp://www.gutenberg.org/ebooks/39938
942 _cEB
999 _c269191
_d269191